| 000 | 00746cam a2200241 4500 | ||
|---|---|---|---|
| 008 | 090401t1984 xxu||||| |||| 00| 0 eng d | ||
| 020 | _a0117517704 | ||
| 035 | _a(Sirsi) u9168 | ||
| 041 | _aeng | ||
| 110 |
_aUnited Kingdom _bDepartment of the Environment _9982 |
||
| 245 | 4 | _aThe Housing Defects (Prefabricated Reinforced Concrete Dwellings) (England and Wales) Designations 1984 Supplementary Information | |
| 260 |
_bHMSO _c1984 |
||
| 300 | _a15p | ||
| 350 | _a0 | ||
| 490 |
_aDoE Circular _v28/84 |
||
| 650 | _aHOUSING DEFECTS ACT 1984 | ||
| 650 | _aPRC HOUSES | ||
| 650 | _aPREBABRICATED REINFORCED CONCRETE HOUSES | ||
| 690 | _aBUILT ENVIRONMENT-BUILDING PATHOLOGY | ||
| 690 | _aHOUSING | ||
| 942 | _n0 | ||
| 948 | _c04/03/1997 | ||
| 999 |
_c86609 _d86609 |
||